| 000 | 00603nam a22001937a 4500 | ||
|---|---|---|---|
| 005 | 20220407155232.0 | ||
| 008 | 220407b ||||| |||| 00| 0 eng d | ||
| 022 | _29781137605047 | ||
| 040 | _cAIMIT LIBRARY | ||
| 082 |
_21 _a658.3044 _bSUTA |
||
| 100 |
_aSutton, Anna. _928317 |
||
| 245 |
_aPeople management and organizations / _cBy Anna Sutton. |
||
| 250 | _a1st ed. | ||
| 260 |
_aUnited Kingdom : _bMacmillan , _c2018 |
||
| 300 |
_axxv,323p. ; _c26 cm |
||
| 650 |
_aPeople Management and Organization. _928315 |
||
| 650 |
_aManagement Relationship. _928316 |
||
| 942 |
_2ddc _cBK _e1st _k658.3044 SUTA |
||
| 999 |
_c222260 _d222260 |
||